000 00695nam a2200229Ia 4500
999 _c55677
_d55677
001 22772
003 GE_BSU
005 20230519114217.0
008 181216s ||||ge |||||||||||||| ||geo||
020 _a9785906955982
040 _cGE_BSU
041 _ageo
080 _a821.161.1 М-45
100 _aМейер
_918136
245 _aТрясина сильной страсти :
_bстихи /
_cМейер ; Перевод. : Т.Кулицкая., А. Санковская
264 _aМосква,
_bМаска,
_c2018.
300 _a107 стр. ;
_c 21см.
541 _h4 ლ.
653 _aстихи
653 _aТрясина сильной страсти
942 _cBK
_2udc